000 01236nam a2200205 a 4500
001 000045116
005 20201002045906.0
008 150203s2014 dr 000 0 spa d
040 _aDO-SdBNP
_bspa
_cBNPHU
082 _axxxx
_bxxxx
110 1 _aRepública Dominicana.
_9447
240 1 0 _a[Leyes, etc.]
245 1 0 _aCompendio de normas sobre profesionalización de la función pública :
_bLey de Función Pública y sus reglamentos de aplicación /
_cpresentación ; Ramón Ventura Camejo.
250 _a8va ed.
260 _aSanto Domingo :
_aMAP,
_c2014.
300 _a253 p. ;
_c22 cm.
505 0 _aLey no. 41-08 de función pública --
_tReglamento de relaciones laborales en la administración pública. No. 523-09 --
_tReglamento de reclutamiento y selección de personal en la administración pública. No. 524-09 --
_tReglamento de evaluación del desenpeño y promoción de los servidores y funcionarios de la administración pública. No. 525-09 --
_tReglamento de estructura organizativa, cargo y política salarial. No. 527-09
_tLey orgáica de admistración pública (ley No. 247-12)
700 1 2 _aVentura Camejo, Ramón
_epresent.
_926937
710 2 2 _aRepública Dominicana.
_bMinisterio de Administración Pública
_938094
999 _c44605
_d44605